Visualizzazione normale
Vista MARC
- Hans Kessler
di Personal Name
Records bibliografici associati: 1
001 - CONTROL NUMBER
- control field: 36216
003 - CONTROL NUMBER IDENTIFIER
- control field: IT-RoPau
005 - DATE AND TIME OF LATEST TRANSACTION
- control field: 20151013223329.0
008 - FIXED-LENGTH DATA ELEMENTS
- fixed length control field: 151013|| aca||aabn | a|a d
040 ## - CATALOGING SOURCE
- Original cataloging agency: IT-RoPau
- Transcribing agency: IT-RoPau
100 ## - HEADING--PERSONAL NAME
- Personal name: Hans Kessler
670 ## - SOURCE DATA FOUND
- Source citation: Work cat.: (IT-RoPau)35276: Hans Kessler, La risurrezione di Gesù Cristo. Uno studio biblico, teologico - fondamentale e sistematico